MARC

LEADER 00000nam0a2200000 4500
001 290031
005 20231102000238.0
020 |a RU  |b 83-57538 
035 |a (RuTPU)RU\TPU\book\314561 
090 |a 290031 
100 |a 20150403d1983 k y0rusy5003 ca 
101 0 |a rus 
102 |a RU 
105 |a a z 001zy 
200 1 |a Теплофизика и оптимизация тепловых процессов  |e сборник научных трудов  |f Куйбышевский политехнический институт им. В. В. Куйбышева (КПИ) ; под ред. А. В. Темникова 
210 |a Куйбышев  |c Изд-во КАИ  |d 1983 
215 |a 161 с.  |c ил. 
320 |a Библиография в конце статей 
606 1 |a Тепловые процессы  |2 stltpush  |3 (RuTPU)RU\TPU\subj\59573  |9 77083 
610 1 |a теплотехника 
610 1 |a теплофизика 
610 1 |a оптимизация 
610 1 |a теплообмен 
610 1 |a теплообменные устройства 
610 1 |a температурные поля 
610 1 |a моделирование 
610 1 |a теплофизические явления 
675 |a 621.1  |z rus  |v 3 
702 1 |a Темников  |b А. В.  |g Анатолий Владимирович  |4 340 
712 0 2 |a Куйбышевский политехнический институт им. В. В. Куйбышева (КПИ)  |c (1962-1991)  |2 stltpush  |3 (RuTPU)RU\TPU\col\320 
801 0 |a RU  |b RuMRKP  |c 19950704  |g psbo 
801 1 |a RU  |b 63413507  |c 20150403 
801 2 |a RU  |b 63413507  |c 20190605  |g RCR 
942 |c BK